[Event "Pardubice Czech op-A 34th"]
[Site "Pardubice"]
[Date "2023.07.26"]
[Round "6"]
[White "Rokos, Filip"]
[Black "Malek, Daniel"]
[Result "1-0"]
[WhiteElo "2169"]
[BlackElo "2322"]
[PlyCount "51"]
[EventDate "2023.07.21"]
[EventType "swiss"]
[EventRounds "9"]
[EventCountry "CZE"]
[SourceTitle "CBM 215 Extra"]
[Source "ChessBase"]
[SourceDate "2023.09.30"]
[SourceVersion "1"]
[SourceVersionDate "2023.09.30"]
[SourceQuality "1"]

1. e4 e6 2. d4 d5 3. Nd2 c5 4. exd5 Qxd5 5. Ngf3 cxd4 6. Bc4 Qd7 7. 0-0 Nc6 8. Nb3 Nf6 9. Nbxd4 Nxd4 10. Nxd4 a6 11. c3 Bd6 12. Bb3 Qc7 13. h3 0-0 14. Re1 b6 15. Bg5 Bb7 16. Qd3 h6 17. Bxf6 gxf6 18. Rxe6 fxe6 19. Nxe6 Qe7 20. Rd1 Rf7 21. Qxd6 Kh8 22. Nd8 Rg7 23. Nxb7 Qxb7 24. Bd5 Qb8 25. Bxa8 Qxa8 26. Qd8+ 1-0

[Event "CZE-chT2D 1920"]
[Site "Czech Republic"]
[Date "2020.01.12"]
[Round "6.5"]
[White "Rokos, Filip"]
[Black "Sykora, Josef"]
[Result "1/2-1/2"]
[WhiteElo "2010"]
[BlackElo "2069"]
[PlyCount "22"]
[EventDate "2019.10.13"]
[EventType "team-tourn"]
[EventRounds "11"]
[EventCountry "CZE"]
[SourceTitle "EXT 2024"]
[Source "ChessBase"]
[SourceDate "2023.10.10"]
[SourceVersion "1"]
[SourceVersionDate "2023.10.10"]
[SourceQuality "1"]
[WhiteTeam "Lipa"]
[BlackTeam "Pardubice Rapid"]
[WhiteTeamCountry "CZE"]
[BlackTeamCountry "CZE"]

1. e4 c5 2. Nf3 d6 3. Nc3 Nf6 4. e5 dxe5 5. Nxe5 Nbd7 6. Nc4 Nb6 7. Nxb6 Qxb6 8. Bb5+ Bd7 9. Bxd7+ Nxd7 10. 0-0 e6 11. Re1 Be7 1/2-1/2

[Event "Litomysl op 20th"]
[Site "Litomysl"]
[Date "2019.12.27"]
[Round "3"]
[White "Rokos, Filip"]
[Black "Svanda, Ondrej"]
[Result "1-0"]
[WhiteElo "2003"]
[BlackElo "2258"]
[PlyCount "67"]
[EventDate "2019.12.26"]
[EventType "swiss"]
[EventRounds "9"]
[EventCountry "CZE"]
[SourceTitle "CBM 194 Extra"]
[Source "ChessBase"]
[SourceDate "2020.03.31"]
[SourceVersion "1"]
[SourceVersionDate "2020.03.31"]
[SourceQuality "1"]

1. e4 c5 2. Nf3 e6 3. d4 cxd4 4. Nxd4 Nc6 5. Nc3 Qc7 6. Be3 a6 7. Bd3 Nf6 8. 0-0 b5 9. Nb3 Be7 10. h3 0-0 11. f4 d6 12. Qe1 Bb7 13. a4 b4 14. Ne2 Rfe8 15. Qf2 e5 16. Ng3 Bf8 17. fxe5 Nxe5 18. Rae1 d5 19. Bf4 Bd6 20. exd5 Nxd3 21. Bxd6 Qxd6 22. cxd3 Bxd5 23. Nf5 Qc7 24. Nbd4 Kh8 25. Rc1 Qd8 26. Rc5 Rb8 27. Qg3 Rg8 28. Nd6 Rf8 29. Rxd5 Nxd5 30. Nxf7+ Rxf7 31. Rxf7 Qg8 32. Rxg7 Qf8 33. Ne6 Qe8 34. Rxh7+ 1-0

[Event "Pardubice Czech op-B 30th"]
[Site "Pardubice"]
[Date "2019.07.20"]
[Round "2"]
[White "Rokos, Filip"]
[Black "Pijkeren, Jan"]
[Result "0-1"]
[WhiteElo "1953"]
[BlackElo "2188"]
[PlyCount "60"]
[EventDate "2019.07.19"]
[EventType "swiss"]
[EventRounds "9"]
[EventCountry "CZE"]
[SourceTitle "EXT 2020"]
[Source "ChessBase"]
[SourceDate "2019.10.17"]
[SourceVersion "1"]
[SourceVersionDate "2019.10.17"]
[SourceQuality "1"]

1. e4 c5 2. Nf3 e6 3. d4 cxd4 4. Nxd4 a6 5. Bd3 Nf6 6. 0-0 Qc7 7. Nc3 Bc5 8. Nb3 Be7 9. Be3 b5 10. a3 Bb7 11. f4 d6 12. Qf3 Nbd7 13. Qg3 Rg8 14. Rae1 0-0-0 15. Bxb5 axb5 16. Nxb5 Nxe4 17. Qh3 Qc4 18. Na7+ Kb8 19. Na5 Qd5 20. b4 Nc3 21. b5 Ka8 22. N5c6 Rde8 23. a4 Bf6 24. Rf2 Qc4 25. Bd2 Ne4 26. Qf3 Nxf2 27. a5 d5 28. Qxf2 Bxc6 29. Nxc6 Qc5 30. Be3 Qxb5 0-1

[Event "Prague Summer op-A 5th"]
[Site "Prague"]
[Date "2018.08.10"]
[Round "9"]
[White "Ochirbat, Lkhagvajamts"]
[Black "Rokos, Filip"]
[Result "0-1"]
[WhiteElo "2007"]
[BlackElo "1864"]
[PlyCount "44"]
[EventDate "2018.08.03"]
[EventType "swiss"]
[EventRounds "9"]
[EventCountry "CZE"]
[SourceTitle "CBM 185 Extra"]
[Source "ChessBase"]
[SourceDate "2018.07.29"]
[SourceVersion "1"]
[SourceVersionDate "2018.07.29"]
[SourceQuality "1"]

1. Nf3 d5 2. c4 d4 3. b4 Bg4 4. d3 c6 5. Bb2 Bxf3 6. gxf3 e5 7. a3 Nd7 8. Nd2 a5 9. Qb3 Nh6 10. f4 Qh4 11. fxe5 Nxe5 12. bxa5 Be7 13. Ne4 Nf5 14. h3 0-0 15. Rg1 Rxa5 16. Qxb7 Raa8 17. Bc1 Ne3 18. Bxe3 dxe3 19. Qb6 f5 20. Ng3 Nxc4 21. dxc4 Qxc4 22. Qb2 Bb4+ 0-1

[Event "Hradec Kralove op 8th"]
[Site "Hradec Kralove"]
[Date "2017.10.08"]
[Round "9"]
[White "Rokos, Filip"]
[Black "Kirs, Pavel"]
[Result "1-0"]
[WhiteElo "1806"]
[BlackElo "1587"]
[PlyCount "49"]
[EventDate "2017.10.01"]
[EventType "swiss"]
[EventRounds "9"]
[EventCountry "CZE"]
[SourceTitle "CBM 181 Extra"]
[Source "ChessBase"]
[SourceDate "2017.12.12"]
[SourceVersion "1"]
[SourceVersionDate "2017.12.12"]
[SourceQuality "1"]

1. e4 e5 2. Nf3 Nc6 3. Bc4 Bc5 4. c3 Nf6 5. d3 d6 6. 0-0 0-0 7. Nbd2 Qe7 8. h3 Be6 9. Bb3 b5 10. Re1 a6 11. Nf1 h6 12. Ng3 Qd7 13. Be3 Bxe3 14. Rxe3 Bxb3 15. axb3 a5 16. Nh4 g6 17. Rf3 Kg7 18. Qd2 Ne7 19. d4 Qe6 20. d5 Qd7 21. Rxf6 Kxf6 22. Qxh6 Ng8 23. Nh5+ Ke7 24. Qg5+ Ke8 25. Ng7# 1-0

[Event "Pobeskydy U12 op"]
[Site "Frydek Mistek"]
[Date "2017.04.17"]
[Round "8"]
[White "Rokos, Filip"]
[Black "Neumann, Filip"]
[Result "1/2-1/2"]
[WhiteElo "1766"]
[BlackElo "1762"]
[PlyCount "39"]
[EventDate "2017.04.13"]
[EventType "swiss"]
[EventRounds "8"]
[EventCountry "CZE"]
[SourceTitle "EXT 2018"]
[Source "ChessBase"]
[SourceDate "2017.10.13"]
[SourceVersion "1"]
[SourceVersionDate "2017.10.13"]
[SourceQuality "1"]

1. e4 e5 2. Nf3 Nc6 3. Bb5 a6 4. Ba4 Nf6 5. d3 Bc5 6. 0-0 d6 7. c3 0-0 8. Re1 Ba7 9. Nbd2 Ne7 10. Nf1 Ng6 11. Ng3 c6 12. h3 h6 13. Bb3 Be6 14. Be3 Bxe3 15. fxe3 Qb6 16. Bxe6 fxe6 17. Qb3 Qxb3 18. axb3 Rad8 19. Rad1 Rd7 20. Rd2 1/2-1/2

[Event "CZE-ch U12"]
[Site "Kouty nad Desnou"]
[Date "2017.03.18"]
[Round "9"]
[White "Hrbek, Stepan"]
[Black "Rokos, Filip"]
[Result "1-0"]
[WhiteElo "1830"]
[BlackElo "1768"]
[PlyCount "139"]
[EventDate "2017.03.11"]
[EventType "swiss"]
[EventRounds "9"]
[EventCountry "CZE"]
[SourceTitle "CBM 177 Extra"]
[Source "ChessBase"]
[SourceDate "2017.04.27"]
[SourceVersion "1"]
[SourceVersionDate "2017.04.27"]
[SourceQuality "1"]

1. d4 Nf6 2. c4 e6 3. g3 d5 4. Nf3 Be7 5. Bg2 0-0 6. 0-0 b6 7. Nc3 Bb7 8. Ne5 Na6 9. Bf4 Ne4 10. cxd5 exd5 11. Nxe4 dxe4 12. Rc1 c5 13. Qa4 Qxd4 14. Rc4 Qd8 15. Bxe4 Bxe4 16. Rxe4 Nb8 17. Rd1 b5 18. Rxd8 bxa4 19. Rxf8+ Kxf8 20. Rxa4 f6 21. Nd3 Nd7 22. Rc4 Nb6 23. Rc2 c4 24. Ne1 Rc8 25. Nf3 Nd5 26. Bd2 Nb4 27. Bxb4 Bxb4 28. Nd2 Bxd2 29. Rxd2 Ke7 30. Kf1 c3 31. Rc2 cxb2 32. Rxb2 Rc7 33. e3 Ke6 34. Ke2 Rd7 35. Rd2 Rc7 36. Kd3 f5 37. Rc2 Rd7+ 38. Kc4 Rb7 39. Rd2 Rb6 40. f3 Rc6+ 41. Kb3 Rc7 42. Re2 g6 43. Kb4 Ke5 44. Kb5 Ke6 45. Ka6 Kd7 46. e4 fxe4 47. fxe4 Ke6 48. a4 Ke7 49. a5 Ke6 50. Rb2 Rc4 51. Kxa7 Kd7 52. Rb7+ Kc8 53. Rxh7 Rxe4 54. Rg7 Re6 55. a6 Rf6 56. h4 Re6 57. g4 Rf6 58. g5 Re6 59. Rf7 Re4 60. Rf8+ Kc7 61. Rf6 Rxh4 62. Rxg6 Rh8 63. Rg7+ Kc6 64. g6 Rf8 65. Rf7 Rc8 66. g7 Rg8 67. Rf6+ Kc7 68. Rg6 Kc8 69. Kb6 Kb8 70. Rf6 1-0

[Event "CZE-ch U12"]
[Site "Kouty nad Desnou"]
[Date "2017.03.13"]
[Round "4"]
[White "Kusa, Jakub"]
[Black "Rokos, Filip"]
[Result "1/2-1/2"]
[WhiteElo "1735"]
[BlackElo "1768"]
[PlyCount "58"]
[EventDate "2017.03.11"]
[EventType "swiss"]
[EventRounds "9"]
[EventCountry "CZE"]
[SourceTitle "CBM 177 Extra"]
[Source "ChessBase"]
[SourceDate "2017.04.27"]
[SourceVersion "1"]
[SourceVersionDate "2017.04.27"]
[SourceQuality "1"]

1. e4 e6 2. d4 d5 3. Nd2 Be7 4. c3 Nf6 5. e5 Nfd7 6. Bd3 c5 7. Ne2 Nc6 8. Nf3 0-0 9. 0-0 f6 10. exf6 Nxf6 11. Bg5 Nh5 12. Bxe7 Qxe7 13. Re1 Nf4 14. Nxf4 Rxf4 15. Qd2 Rf6 16. Ne5 c4 17. Bc2 Bd7 18. Nxc6 Bxc6 19. Re5 Raf8 20. Rae1 Qf7 21. R1e2 Bd7 22. Qe1 Rh6 23. f3 Qf4 24. Qg3 Qxg3 25. hxg3 Rhf6 26. g4 g6 27. R2e3 b5 28. Bd1 a5 29. g3 b4 1/2-1/2

[Event "CZE-ch U12"]
[Site "Kouty nad Desnou"]
[Date "2017.03.13"]
[Round "3"]
[White "Rokos, Filip"]
[Black "Jares, Michal"]
[Result "1-0"]
[WhiteElo "1768"]
[BlackElo "1688"]
[PlyCount "133"]
[EventDate "2017.03.11"]
[EventType "swiss"]
[EventRounds "9"]
[EventCountry "CZE"]
[SourceTitle "CBM 177 Extra"]
[Source "ChessBase"]
[SourceDate "2017.04.27"]
[SourceVersion "1"]
[SourceVersionDate "2017.04.27"]
[SourceQuality "1"]

1. e4 c5 2. Nf3 d6 3. d4 cxd4 4. Nxd4 Nf6 5. Nc3 g6 6. Be3 Bg7 7. Bc4 0-0 8. f3 Nc6 9. Bb3 Bd7 10. Qd2 a6 11. 0-0-0 Rc8 12. g4 b5 13. h4 b4 14. Na4 a5 15. h5 Nxd4 16. Bxd4 Be6 17. hxg6 hxg6 18. Bxe6 fxe6 19. Qg5 Qc7 20. Rh2 Kf7 21. Qd2 Rh8 22. Rdh1 Rxh2 23. Rxh2 Qc6 24. b3 Qb5 25. Qe2 Qc6 26. Kb1 Rc7 27. Bb2 Rc8 28. Rh1 Rc7 29. Qd3 d5 30. e5 Nd7 31. f4 Nc5 32. Nxc5 Qxc5 33. f5 gxf5 34. gxf5 Qc6 35. Rf1 Ke8 36. f6 exf6 37. Qg6+ Kd8 38. exf6 Bf8 39. f7 Kd7 40. Rh1 Rc8 41. Re1 a4 42. Re2 Qa6 43. Re1 axb3 44. axb3 Qc6 45. Qg2 Qd6 46. Qe2 Qc6 47. Rg1 Ke7 48. Qf2 Kd7 49. Rg8 Qc5 50. Qxc5 Bxc5 51. Rxc8 Kxc8 52. Bg7 e5 53. f8Q+ Bxf8 54. Bxf8 Kd7 55. Kc1 Kc6 56. Bxb4 d4 57. c3 Kd5 58. c4+ Kc6 59. Kd2 e4 60. Be7 Kb6 61. b4 Kc6 62. b5+ Kb6 63. Bf6 d3 64. Bd4+ Kb7 65. c5 Kc7 66. Ke3 Kb7 67. Bc3 1-0

[Event "CZE-ch U12"]
[Site "Kouty nad Desnou"]
[Date "2017.03.12"]
[Round "2"]
[White "Vantuch, Lucian"]
[Black "Rokos, Filip"]
[Result "1-0"]
[WhiteElo "1706"]
[BlackElo "1768"]
[PlyCount "65"]
[EventDate "2017.03.11"]
[EventType "swiss"]
[EventRounds "9"]
[EventCountry "CZE"]
[SourceTitle "CBM 177 Extra"]
[Source "ChessBase"]
[SourceDate "2017.04.27"]
[SourceVersion "1"]
[SourceVersionDate "2017.04.27"]
[SourceQuality "1"]

1. e4 e6 2. d4 d5 3. Nd2 c5 4. c3 Nc6 5. Ngf3 cxd4 6. cxd4 Nge7 7. Bd3 Bd7 8. a3 dxe4 9. Nxe4 Nd5 10. 0-0 Be7 11. b4 b6 12. Bd2 f5 13. b5 fxe4 14. bxc6 Bxc6 15. Bxe4 Bf6 16. Ne5 Bxe5 17. Qh5+ Kd7 18. dxe5 Qe7 19. Rfd1 Kc7 20. Rac1 Kb7 21. Qe2 h6 22. Rxc6 Kxc6 23. Qa6 Rhb8 24. Bb4 Qb7 25. Qc4+ Kd7 26. Bxd5 exd5 27. Rxd5+ Ke8 28. Qb5+ Kf7 29. Rd7+ Qxd7 30. Qxd7+ Kg8 31. h3 Rd8 32. Qe6+ Kh8 33. Qf7 1-0

[Event "EU-ch U12 26th"]
[Site "Prague"]
[Date "2016.08.18"]
[Round "1"]
[White "Stukan, Martin"]
[Black "Rokos, Filip"]
[Result "1-0"]
[WhiteElo "1962"]
[BlackElo "1687"]
[PlyCount "73"]
[EventDate "2016.08.18"]
[EventType "swiss"]
[EventRounds "9"]
[EventCountry "CZE"]
[SourceTitle "CBM 174 Extra"]
[Source "ChessBase"]
[SourceDate "2016.10.10"]
[SourceVersion "1"]
[SourceVersionDate "2016.10.10"]
[SourceQuality "1"]

1. e4 e5 2. Nf3 Nc6 3. Bb5 a6 4. Ba4 d6 5. d4 Bd7 6. 0-0 Nge7 7. Nc3 g6 8. Bg5 Bg7 9. Nd5 b5 10. Nf6+ Kf8 11. Nxd7+ Qxd7 12. Bb3 exd4 13. a4 b4 14. Bd5 Nxd5 15. exd5 Ne5 16. Nxd4 h6 17. Bc1 Kg8 18. b3 Kh7 19. Bb2 Rhe8 20. h3 c5 21. dxc6 Nxc6 22. Rb1 Rac8 23. Nxc6 Rxc6 24. Bxg7 Kxg7 25. Qd4+ Kh7 26. Qxb4 Rxc2 27. Rbd1 Rc6 28. Rd5 Re5 29. Rfd1 Rxd5 30. Rxd5 Qe6 31. Qd4 Rc5 32. Rxd6 Rc1+ 33. Kh2 Qxb3 34. Rd8 g5 35. Rh8+ Kg6 36. Rg8+ Kf5 37. g4+ 1-0